Boxing Welterweight Champions by Picture - Statistics

General Stats
  • This quiz has been taken 155 times
  • The average score is 28 of 122
Answer Stats
Picture Hint Answer % Correct
2006-2008 | 2011-2015 Floyd Mayweather Jr.
95%
2009-2012 | 2014-2015 | 2016-2017 | 2019-2021 Manny Pacquiao
91%
2018-Present Terence Crawford
83%
1997-1999 | 2000 Oscar De La Hoya
77%
2006 Ricky Hatton
76%
1980 Roberto Durán
75%
1979-1980 | 1980-1982 Sugar Ray Leonard
74%
2017-Present Errol Spence Jr.
72%
1980-1981 Thomas Hearns
71%
2006-2008 | 2009 Miguel Cotto
70%
1989 Genaro León
68%
2000-2002 | 2009-2010 Shane Mosley
68%
2016-2017 Danny Garcia
62%
1946-1950 Sugar Ray Robinson
61%
2002-2007 | 2008-2009 Antonio Margarito
58%
2014-2017 Kell Brook
55%
2013-2014 | 2018-2019 Shawn Porter
54%
2015-2019 Keith Thurman
51%
2012-2014 | 2015-2016 Timothy Bradley
50%
2005-2006 Zab Judah
50%
1993-1997 Pernell Whitaker
47%
1993-2000 Félix Trinidad
45%
2011 Victor Ortiz
41%
2008-2011 Andre Berto
35%
1938-1940 Henry Armstrong
34%
1979 Wilfred Benítez
32%
2007-2008 Paul Williams
31%
2002-2003 Ricardo Mayorga
29%
1991-1992 Meldrick Taylor
27%
1922-1926 Mickey Walker
25%
1955-1956 | 1956-1957 Carmen Basilio
24%
1951 | 1952-1954 Kid Gavilán
24%
2020-2022 Yordenis Ugás
24%
1990-1991 Aaron Davis
23%
1983-1986 Donald Curry
23%
1961 | 1962-1963 | 1963-1965 Emile Griffith
23%
2017-2018 Jeff Horn
23%
1969-1970 | 1971-1975 José Nápoles
23%
2001 | 2002-2003 Vernon Forrest
23%
2003-2005 Cory Spinks
22%
1994-1997 Ike Quartey
22%
2017 Lamont Peterson
22%
2016 Jessie Vargas
21%
1996 José Luis López
21%
1986-1987 | 1988-1989 Lloyd Honeyghan
21%
1963 Luis Manuel Rodríguez
20%
1892-1894 | 1898-1900 Mysterious Billy Smith
20%
1901-1906 Barbados Joe Walcott
18%
2012-2013 Devon Alexander
18%
1976-1980 José Cuevas
18%
2008-2009 Joshua Clottey
18%
2006 Carlos Baldomir
17%
1976-1979 Carlos Palomino
17%
1987 | 1989-1990 Mark Breland
16%
1987-1988 | 1989-1990 Marlon Starling
16%
1983-1985 Milton McCrory
16%
2016-2017 David Avanesyan
15%
1940-1941 Fritzie Zivic
15%
1988-1991 Simon Brown
15%
2001-2002 Andrew Lewis
14%
1934 | 1935-1938 Barney Ross
14%
1960-1961 | 1961-1962 Benny Paret
14%
1991-1993 Buddy McGirt
14%
2022-Present Eimantas Stanionis
14%
1908-1911 Harry Lewis
14%
1990-1991 | 1991-1993 Maurice Blocker
14%
1915-1916 | 1917-1919 Ted 'Kid' Lewis
14%
1975-1976 John H. Stracey
13%
1987-1988 Jorge Vaca
13%
2005-2006 Luis Collazo
12%
1992-1994 Crisanto España
11%
2000-2002 Daniel Santos
11%
2002-2003 Michele Piccirillo
11%
1988 Tomás Molinares
11%
1933-1934 | 1934-1935 Jimmy McLarnin
10%
2006-2008 Kermit Cintrón
10%
2018 Lucas Matthysse
10%
2012 Randall Bailey
10%
1933 Young Corbett III
10%
2008 Carlos Quintana
9%
1966-1969 Curtis Cokes
9%
2003-2005 José Antonio Rivera
9%
1930 | 1931 Jack Thompson
8%
1955 Tony DeMarco
8%
1970-1971 Billy Backus
7%
1993-1996 Eamonn Loughran
7%
1915 | 1916-1917 | 1919-1922 Jack Britton
7%
1998-2000 James Page
7%
1931-1932 Lou Brouillard
7%
1998-2000 Ahmed Kotiev
6%
1958-1960 Don Jordan
6%
1941-1946 Freddie 'Red' Cochrane
6%
1951 Johnny Bratton
6%
1954-1955 | 1956 Johnny Saxton
6%
1989-1993 Manning Galloway
6%
1900 | 1900-1901 Matty Matthews
6%
2021-2022 Radzhab Butaev
6%
1891-1897 Tommy Ryan
6%
1958 Virgil Akins
6%
2009-2012 Vyacheslav Senchenko
6%
1975-1976 Ángel Espada
5%
1900 Eddie Connolly
5%
1993 Gert Bo Jacobsen
5%
2009 Isaac Hlatshwayo
5%
1929-1930 | 1932-1933 Jackie Fields
5%
1927-1929 Joe Dundee
5%
1946 Marty Servo
5%
1914-1915 Matt Wells
5%
1915 Mike Glover
5%
1907-1908 Mike 'Twin' Sullivan
5%
1888-1890 Paddy Duffy
5%
1926-1927 Pete Latzo
5%
1912-1914 Ray Bronson
5%
1900 Rube Ferns
5%
1914 Tom McCormick
5%
1930-1931 Tommy Freeman
5%
1914 Waldemar Holberg
5%
1906-1907 William 'Honey' Mellody
5%
2008-2009 Yuriy Nuzhnenko
5%
1907-1908 Frank Mantell
3%
2009-2011 Jan Zaveck
1%
1997 Mihai Leu
0%
No matching quizzes found
Score Distribution
Percent of People with Each Score
Percentile by Number Answered
Your Score History
You have not taken this quiz